Politológia : terminologický a výkladový slovník /

Uloženo v:
Podrobná bibliografie
Hlavní autoři: Chovanec, Jaroslav, 1935- (Autor), Hotár, Viliam S. 1937- (Autor)
Médium: Kniha
Jazyk:slovenština
Vydáno: Trnava : Fakulta masmediálnej komunikácie Univerzity Cyrila a Metoda v Trnave, 2010
Vydání:[1. vyd.]
Témata:
ISBN:9788089241347
On-line přístup: Získat plný text
Tagy: Přidat tag
Žádné tagy, Buďte první, kdo vytvoří štítek k tomuto záznamu!

MARC

LEADER 00000nam a2200000 4500
003 SK-BrCVT
005 20220621164431.0
008 110128s2010 xo e ||||||slo d
020 |a 9788089241347 
035 |a CVTIDW0005533 
040 |b slo  |a CVTI SR  |e AACR2 
041 0 |a slo 
044 |a xo 
080 |a 32  |2 UDC-MRF 
080 |a 81'373.46  |2 UDC-MRF 
100 1 |a Chovanec, Jaroslav,  |d 1935-  |4 aut 
245 1 0 |a Politológia :  |b terminologický a výkladový slovník /  |c Jaroslav Chovanec, Viliam S. Hotár 
250 |a [1. vyd.] 
260 |a Trnava :  |b Fakulta masmediálnej komunikácie Univerzity Cyrila a Metoda v Trnave,  |c 2010 
300 |a 589 s. ;  |c 21 cm 
653 1 |a politická veda 
655 4 |a slovníky 
700 1 |a Hotár, Viliam S.  |d 1937-,  |4 aut 
910 |b A612580 
919 |a 978-80-89241-34-7 
959 |a 02 
974 |a jana.rakovicka  |f Knihy 
992 |a ASL 
999 |c 163279  |d 163279